Presidential Middle Initial Letters - Whammies - Statistics

General Stats
  • This quiz has been taken 10,780 times
    10,763 since last reset
  • The average score is 10 of 16
Answer Stats
First Initial Middle Last % Correct
John F Fitzgerald Kennedy
82%
Franklin D Delano Roosevelt
81%
John Q Quincy Adams
81%
Lyndon B Baines Johnson
80%
Rutherford B Birchard Hayes
72%
Donald J John Trump
72%
Dwight D David Eisenhower
68%
William H Henry Harrison
66%
Warren G Gamaliel Harding
59%
Barack H Hussein Obama
59%
James K Knox Polk
59%
Chester A Alan Arthur
57%
William H Howard Taft
56%
Richard M Milhous Nixon
45%
Gerald R Rudolph Ford
40%
Jimmy E Earl Carter
20%
No matching quizzes found
Score Distribution
Percent of People with Each Score
Percentile by Number Answered
Your Score History
You have not taken this quiz since the last reset